000 02003cam a22003135a 4500
001 14438240
005 20171127124219.0
008 060705t2006 miu frb 001 0 eng d
020 _a0737733942
020 _a9780737733945
040 _aDLC
_cDLC
_dIG#
_dBAKER
_dQBX
_dYDXCP
_dBUR
_dDLC
_dEG-ScBUE
_beng
043 _aaw-----
_an-us---
082 0 4 _a320.956
_222
_bCAN
245 0 0 _aCan democracy succeed in the Middle East ? /
_ceditor Jann Einfeld.
260 _aFarmington Hills :
_bGreenhaven Press,
_cc.2006.
300 _a126 p. ;
_c24 cm.
490 0 _aAt issue : International politics.
504 _aIncludes bibliographical references and index.
505 0 0 _tDemocracy can succeed in the Middle East /
_rCondoleeza Rice --
_tDemocracy cannot succeed in the Middle East /
_rMichael Stent --
_tThe United States can bring democracy to the Middle East /
_rKarl Zinsmeister --
_tU.S.-imposed democracy cannot succeed in the Middle East /
_rWesley Clark --
_tDemocracy in Iraq can succeed /
_rAdeed Dawisha --
_tDemocracy in Iraq will fail /
_rRobert Fisk --
_tIslamic culture provides a sound basis for democracy /
_rBernard Lewis --
_tIslamic culture is not compatible with democracy /
_rRoger Scruton --
_tMany in the Middle East are eager for democracy /
_rFouad Ajami --
_tMany in the Middle East favor authoritarian, Islamist regimes /
_rFareed Zakaria --
_tWomen's rights are essential to democracy in the Middle East /
_rPippa Norris and Ronald Inglehart --
_tWomen's rights are not essential to democracy in the Middle East /
_rMarina S. Ottaway.
650 7 _aDemocracy
_zMiddle East.
_2BUEsh
_911825
650 7 _aDemocratization
_zMiddle East.
_2BUEsh
_911823
651 7 _aMiddle East
_xPolitics and government
_y1979-
_2BUEsh
_95089
651 7 _aUnited States
_xForeign relations
_zMiddle East.
_2BUEsh
_911042
653 _bBUSBOL
_cNovember2017
655 _vText book
_933728
651 7 _911041
_aMiddle East
_xForeign relations
_zUnited States
_2BUEsh
700 1 _aEinfeld, Jann,
_eeditor.
942 _2ddc
999 _c25582
_d25554